[Event "Bremen Silvester op"]
[Site "Bremen"]
[Date "2021.12.29"]
[Round "5"]
[White "Wachinger, David"]
[Black "Jung, Gerald"]
[Result "1-0"]
[WhiteElo "2088"]
[BlackElo "1941"]
[PlyCount "67"]
[EventDate "2021.12.21"]
[EventType "swiss"]
[EventRounds "7"]
[EventCountry "GER"]
[SourceTitle "CBM 205 Extra"]
[Source "ChessBase"]
[SourceDate "2022.01.31"]
[SourceVersion "1"]
[SourceVersionDate "2022.01.31"]
[SourceQuality "1"]

1. d4 g6 2. c4 Bg7 3. e4 d6 4. Nc3 Nd7 5. Be2 e6 6. Be3 Ne7 7. h4 h6 8. Qd2 b6 9. f4 h5 10. Nf3 Bb7 11. Ng5 Nf6 12. 0-0-0 d5 13. cxd5 exd5 14. e5 Nh7 15. g4 hxg4 16. Bxg4 Bc8 17. Bxc8 Qxc8 18. Nxh7 Rxh7 19. h5 Qf5 20. hxg6 Qxg6 21. Rhg1 Qh5 22. Qg2 0-0-0 23. Qg5 Qxg5 24. fxg5 Rh3 25. Rde1 c5 26. Rgf1 cxd4 27. Rxf7 dxc3 28. Rxe7 cxb2+ 29. Kxb2 Bf8 30. Rxa7 d4 31. Ra8+ Kc7 32. Rxd8 Kxd8 33. Bxd4 Rh4 34. Bxb6+ 1-0

[Event "Bremen Silvester op"]
[Site "Bremen"]
[Date "2021.12.28"]
[Round "3"]
[White "Wachinger, David"]
[Black "Ciolek, Andreas"]
[Result "0-1"]
[WhiteElo "2088"]
[BlackElo "2217"]
[PlyCount "78"]
[EventDate "2021.12.21"]
[EventType "swiss"]
[EventRounds "7"]
[EventCountry "GER"]
[SourceTitle "CBM 205 Extra"]
[Source "ChessBase"]
[SourceDate "2022.01.31"]
[SourceVersion "1"]
[SourceVersionDate "2022.01.31"]
[SourceQuality "1"]

1. d4 Nf6 2. c4 g6 3. Nc3 Bg7 4. e4 d6 5. Be2 0-0 6. Be3 e5 7. d5 Na6 8. g4 Nc5 9. f3 h5 10. g5 Nh7 11. Qd2 f6 12. h4 fxg5 13. hxg5 Rf4 14. Bxf4 exf4 15. Qxf4 Nxg5 16. Qe3 Qe7 17. 0-0-0 Bd7 18. Kb1 Kh7 19. Bf1 Qf6 20. Bg2 b5 21. cxb5 a6 22. bxa6 Rxa6 23. Nge2 Rb6 24. Ka1 Bb5 25. Nd4 Bc4 26. f4 Nf7 27. f5 Ne5 28. Ne6 Ned3 29. Nxg7 Rxb2 30. e5 dxe5 31. Be4 Nb3+ 32. axb3 Qa6+ 33. Na4 Rxb3 34. Rxh5+ Kg8 35. Rh8+ Kxh8 36. Qh3+ Kg8 37. Rd2 Qxa4+ 38. Ra2 Rb1+ 39. Kxb1 Qxa2# 0-1

[Event "Bremen Silvester op"]
[Site "Bremen"]
[Date "2021.12.27"]
[Round "1"]
[White "Wachinger, David"]
[Black "Adaschkiewitz, Wolfgang"]
[Result "1-0"]
[WhiteElo "2088"]
[BlackElo "1521"]
[PlyCount "81"]
[EventDate "2021.12.21"]
[EventType "swiss"]
[EventRounds "7"]
[EventCountry "GER"]
[SourceTitle "CBM 205 Extra"]
[Source "ChessBase"]
[SourceDate "2022.01.31"]
[SourceVersion "1"]
[SourceVersionDate "2022.01.31"]
[SourceQuality "1"]

1. d4 f5 2. c4 Nf6 3. g3 g6 4. Bg2 Bg7 5. Nf3 d6 6. 0-0 0-0 7. Nc3 Qe8 8. b3 e5 9. dxe5 dxe5 10. e4 c6 11. Re1 fxe4 12. Ng5 Bf5 13. Ba3 e3 14. fxe3 Nbd7 15. Bxf8 Nxf8 16. Nge4 Rd8 17. Qe2 Nxe4 18. Nxe4 Ne6 19. Rad1 Bxe4 20. Bxe4 Bf6 21. Rxd8 Bxd8 22. Qg4 Qe7 23. Bg2 Ba5 24. Rd1 Bb6 25. Rd3 Bc5 26. Kh1 Bd6 27. Bh3 Nc5 28. Rd1 a5 29. a3 Nxb3 30. Qe6+ Qxe6 31. Bxe6+ Kf8 32. Rxd6 Ke7 33. Rd7+ Kxe6 34. Rxb7 Nd2 35. Rxh7 Nxc4 36. Rg7 Nxe3 37. Rxg6+ Kd5 38. Kg1 c5 39. Kf2 Nc4 40. h4 e4 41. h5 1-0

[Event "Bremen Silvester op"]
[Site "Bremen"]
[Date "2019.12.28"]
[Round "4"]
[White "Wachinger, David"]
[Black "Ditmas, Hugh"]
[Result "1-0"]
[WhiteElo "2105"]
[BlackElo "1982"]
[PlyCount "59"]
[EventDate "2019.12.27"]
[EventType "swiss"]
[EventRounds "7"]
[EventCountry "GER"]
[SourceTitle "CBM 194 Extra"]
[Source "ChessBase"]
[SourceDate "2020.03.31"]
[SourceVersion "1"]
[SourceVersionDate "2020.03.31"]
[SourceQuality "1"]

1. d4 Nf6 2. c4 e6 3. Nc3 Bb4 4. f3 d5 5. a3 Bxc3+ 6. bxc3 0-0 7. e3 c5 8. cxd5 Nxd5 9. Bd2 f5 10. c4 Nf6 11. Bc3 Qc7 12. Nh3 Rd8 13. Qb3 Nc6 14. Rd1 cxd4 15. exd4 b6 16. Be2 Bb7 17. 0-0 Rac8 18. Rfe1 Re8 19. Bf1 Nd8 20. Ba1 Ba6 21. Rc1 Nc6 22. Bc3 Nd7 23. Ng5 Qf4 24. Nxe6 Rxe6 25. c5 Nxd4 26. Bxd4 Qxd4+ 27. Kh1 Bxf1 28. Qxe6+ Kf8 29. Rxf1 Rxc5 30. Rcd1 1-0

[Event "Bremen Silvester op"]
[Site "Bremen"]
[Date "2019.12.27"]
[Round "1"]
[White "Schroeder, Harm"]
[Black "Wachinger, David"]
[Result "0-1"]
[WhiteElo "1723"]
[BlackElo "2105"]
[PlyCount "82"]
[EventDate "2019.12.27"]
[EventType "swiss"]
[EventRounds "7"]
[EventCountry "GER"]
[SourceTitle "CBM 194 Extra"]
[Source "ChessBase"]
[SourceDate "2020.03.31"]
[SourceVersion "1"]
[SourceVersionDate "2020.03.31"]
[SourceQuality "1"]

1. e4 c5 2. Nf3 e6 3. d4 cxd4 4. Nxd4 Nc6 5. Nc3 Qc7 6. Ndb5 Qb8 7. Be3 a6 8. Nd4 Nf6 9. a3 Be7 10. Be2 0-0 11. 0-0 d6 12. h3 Bd7 13. Qd2 b5 14. b4 Rc8 15. Nf3 Qc7 16. Bd3 Nxb4 17. axb4 Qxc3 18. Qxc3 Rxc3 19. Bd4 Rcc8 20. Rfb1 e5 21. Be3 Bc6 22. Nd2 d5 23. f3 d4 24. Bf2 Nd7 25. Be1 Nb6 26. Nb3 Na4 27. Na5 Bd7 28. Bd2 f6 29. Kf1 Kf7 30. g4 Rc7 31. Ke1 h5 32. Kf2 Be6 33. Ke1 Rh8 34. f4 exf4 35. Bxf4 Rcc8 36. Kd2 Nc3 37. Rg1 Bxb4 38. Kc1 Na4 39. Bd2 Bxd2+ 40. Kxd2 hxg4 41. hxg4 Rh2+ 0-1

[Event "GER-ch U25-A"]
[Site "Willingen"]
[Date "2019.06.14"]
[Round "8"]
[White "Froehlich, Franziska"]
[Black "Wachinger, David"]
[Result "0-1"]
[WhiteElo "1820"]
[BlackElo "2066"]
[PlyCount "108"]
[EventDate "2019.06.08"]
[EventType "swiss"]
[EventRounds "9"]
[EventCountry "GER"]
[SourceTitle "CBM 191 Extra"]
[Source "ChessBase"]
[SourceDate "2019.09.30"]
[SourceVersion "1"]
[SourceVersionDate "2019.09.30"]
[SourceQuality "1"]

1. e4 d5 2. exd5 Qxd5 3. Nc3 Qd8 4. d4 e6 5. Bc4 Nf6 6. Nf3 Be7 7. 0-0 0-0 8. Qe2 a6 9. a4 b6 10. Ne4 Bb7 11. Neg5 Bd5 12. Bd3 h6 13. Nh3 Nc6 14. c3 Na5 15. Nd2 c5 16. dxc5 bxc5 17. Bxa6 Qb6 18. Bb5 Rfd8 19. Nf4 Bb7 20. Nc4 Nxc4 21. Qxc4 Ne8 22. Be3 Nc7 23. Qe2 e5 24. Nh5 Qg6 25. Ng3 Nxb5 26. axb5 Qe6 27. c4 f5 28. f3 Qf7 29. Bf2 Bd6 30. Qc2 g6 31. b4 Rac8 32. Rfc1 h5 33. Nf1 Qd7 34. bxc5 Bxc5 35. Bxc5 Rxc5 36. Ra7 Rdc8 37. Qb3 Qc7 38. Nd2 Qb6 39. Rxb7 Qxb7 40. Ra1 Rd8 41. Qe3 Rcc8 42. Ra6 Qg7 43. c5 e4 44. b6 Rd3 45. b7 Rb8 46. Qg5 Kh7 47. fxe4 fxe4 48. h3 Rxb7 49. Nxe4 Qd4+ 50. Nf2 Rg7 51. Rd6 Qa1+ 52. Kh2 Rxd6 53. cxd6 Qd4 54. Ne4 Qxe4 0-1

[Event "Bremen Silvester op"]
[Site "Bremen"]
[Date "2017.12.30"]
[Round "7"]
[White "Pahl, Erik"]
[Black "Wachinger, David"]
[Result "0-1"]
[WhiteElo "1794"]
[BlackElo "1955"]
[PlyCount "106"]
[EventDate "2017.12.27"]
[EventType "swiss"]
[EventRounds "7"]
[EventCountry "GER"]
[SourceTitle "CBM 182 Extra"]
[Source "ChessBase"]
[SourceDate "2018.02.23"]
[SourceVersion "1"]
[SourceVersionDate "2018.02.23"]
[SourceQuality "1"]

1. e4 c5 2. Nc3 a6 3. g3 b5 4. Bg2 Bb7 5. f4 e6 6. d3 d5 7. f5 d4 8. fxe6 fxe6 9. Nce2 e5 10. Nf3 Nd7 11. 0-0 Ngf6 12. c3 Bd6 13. cxd4 cxd4 14. Bd2 0-0 15. b4 Nb6 16. Qb3+ Kh8 17. Rac1 Qe8 18. Bh3 Bc8 19. Bxc8 Rxc8 20. Rxc8 Qxc8 21. Nh4 Qd7 22. Nf5 Nc8 23. Kg2 Ne7 24. Nxe7 Qxe7 25. Ng1 Ng4 26. Nf3 Ne3+ 27. Bxe3 dxe3 28. a3 e2 29. Re1 Qf6 30. d4 exd4 31. Rxe2 Be5 32. Qd3 g5 33. Rd2 Rd8 34. Rf2 Rf8 35. Qd2 Bc7 36. Qxd4 Qxd4 37. Nxd4 Re8 38. Kf3 Be5 39. Rd2 Rc8 40. Ne2 Rc7 41. Kg4 h6 42. Kf5 Re7 43. Rd8+ Kg7 44. Nd4 Bf6 45. Ne6+ Rxe6 46. Kxe6 Bxd8 47. Kd6 Kf7 48. e5 Ke8 49. g4 a5 50. bxa5 Bxa5 51. Kc5 Bc7 52. Kxb5 Bxe5 53. a4 Bxh2 0-1

[Event "Bremen Silvester op"]
[Site "Bremen"]
[Date "2017.12.28"]
[Round "4"]
[White "Wachinger, David"]
[Black "Hoeffer, David"]
[Result "0-1"]
[WhiteElo "1955"]
[BlackElo "2283"]
[PlyCount "76"]
[EventDate "2017.12.27"]
[EventType "swiss"]
[EventRounds "7"]
[EventCountry "GER"]
[SourceTitle "CBM 182 Extra"]
[Source "ChessBase"]
[SourceDate "2018.02.23"]
[SourceVersion "1"]
[SourceVersionDate "2018.02.23"]
[SourceQuality "1"]

1. d4 Nf6 2. c4 c5 3. Nf3 g6 4. Nc3 Bg7 5. d5 d6 6. e4 0-0 7. h3 b5 8. cxb5 a6 9. a4 Bd7 10. Nd2 axb5 11. Bxb5 Bxb5 12. Nxb5 Na6 13. Qe2 Nd7 14. Nc4 Nb6 15. 0-0 Nb4 16. Nxb6 Qxb6 17. Bf4 Ra6 18. b3 Bxa1 19. Rxa1 Qb7 20. Rd1 f6 21. Bh6 Rd8 22. h4 Qd7 23. h5 Raa8 24. f4 Rac8 25. Na3 e6 26. hxg6 exd5 27. gxh7+ Qxh7 28. Qg4+ Kf7 29. Qh5+ Qg6 30. Qh3 Qxe4 31. Nb5 Qe2 32. Nc3 Qc2 33. f5 Ke7 34. Re1+ Kd7 35. Re6 Kc6 36. Bf4 Nd3 37. Nxd5 Nxf4 38. Nxf4 Qc1+ 0-1

[Event "GER-chT Lands U20"]
[Site "Hannover"]
[Date "2017.10.04"]
[Round "7.5"]
[White "Wachinger, David"]
[Black "Muedder, Melanie"]
[Result "1-0"]
[WhiteElo "1928"]
[BlackElo "1876"]
[PlyCount "51"]
[EventDate "2017.09.29"]
[EventType "team-swiss"]
[EventRounds "7"]
[EventCountry "GER"]
[SourceTitle "EXT 2018"]
[Source "ChessBase"]
[SourceDate "2017.10.13"]
[SourceVersion "1"]
[SourceVersionDate "2017.10.13"]
[SourceQuality "1"]
[WhiteTeam "Bremen U20"]
[BlackTeam "Nordrhein Westfalen U20"]
[WhiteTeamCountry "GER"]
[BlackTeamCountry "GER"]

1. d4 f5 2. e4 fxe4 3. Nc3 Nf6 4. Bg5 Nc6 5. d5 Ne5 6. Qe2 g6 7. f4 Neg4 8. h3 Nh6 9. g4 Nhg8 10. 0-0-0 Bg7 11. Bg2 c6 12. d6 e6 13. Nxe4 Qb6 14. c3 Qa5 15. Kb1 b6 16. Qc2 Nd5 17. f5 Ba6 18. Ne2 h6 19. f6 Bxe2 20. Qxe2 Ngxf6 21. Nxf6+ Nxf6 22. Bxf6 Bxf6 23. Be4 0-0-0 24. Bxc6 Rhf8 25. Bg2 Kb8 26. Qe4 1-0

[Event "GER-chT Lands U20"]
[Site "Hannover"]
[Date "2017.10.03"]
[Round "5.4"]
[White "Wachinger, David"]
[Black "Wiesner, Alexander"]
[Result "1-0"]
[WhiteElo "1928"]
[BlackElo "1924"]
[PlyCount "169"]
[EventDate "2017.09.29"]
[EventType "team-swiss"]
[EventRounds "7"]
[EventCountry "GER"]
[SourceTitle "EXT 2018"]
[Source "ChessBase"]
[SourceDate "2017.10.13"]
[SourceVersion "1"]
[SourceVersionDate "2017.10.13"]
[SourceQuality "1"]
[WhiteTeam "Bremen U20"]
[BlackTeam "Baden U20 II"]
[WhiteTeamCountry "GER"]
[BlackTeamCountry "GER"]

1. d4 e6 2. c4 Bb4+ 3. Bd2 c5 4. Bxb4 cxb4 5. g3 Nc6 6. Bg2 Nf6 7. Nf3 0-0 8. 0-0 d6 9. a3 bxa3 10. Rxa3 e5 11. d5 Nb4 12. Nfd2 Nd7 13. e4 Nc5 14. Nc3 a5 15. Nb3 Ncd3 16. Nc1 Nxc1 17. Qxc1 Bd7 18. Qd2 Qc7 19. b3 Qb6 20. Rfa1 f5 21. exf5 Bxf5 22. Ne4 Bxe4 23. Bxe4 Rf6 24. Kg2 Qc5 25. Ra4 Raf8 26. f3 b6 27. Rf1 Na6 28. Raa1 Qc8 29. Rae1 Rh6 30. h4 Rhf6 31. Qc2 Rh6 32. Qd2 Qd8 33. Rh1 Rhf6 34. Ref1 Qc8 35. Qc2 h6 36. h5 Nc5 37. Bg6 Qc7 38. Rh4 Qe7 39. Rg4 Qd7 40. Rh4 b5 41. Qa2 a4 42. bxa4 bxa4 43. Bb1 Qf7 44. Bg6 Qb7 45. Bc2 Qa7 46. Rg4 Rb8 47. Rb1 Rff8 48. Kh3 a3 49. Rb5 Rxf3 50. Bb1 Rxb5 51. cxb5 Nd3 52. Bxd3 Rxd3 53. Qc2 Rf3 54. Ra4 Qb7 55. Qc6 Qf7 56. Ra8+ Kh7 57. Qc2+ Qf5+ 58. Qxf5+ Rxf5 59. Rxa3 Rxh5+ 60. Kg2 Rf5 61. b6 Rf7 62. Ra7 Rf8 63. Rd7 e4 64. Rxd6 Rb8 65. Kf2 Kg8 66. Ke3 Kf7 67. Kxe4 Ke7 68. Re6+ Kf7 69. Kd4 h5 70. Kc5 g5 71. Rh6 h4 72. gxh4 g4 73. Re6 g3 74. Re2 Rg8 75. Rg2 Ke7 76. h5 Kd7 77. h6 Kc8 78. Kc6 Rg6+ 79. d6 Rg4 80. Re2 Rc4+ 81. Kd5 Rh4 82. Rc2+ Kd7 83. b7 Rh5+ 84. Kc4 Rh4+ 85. Kb3 1-0

[Event "CZE-chT rap"]
[Site "Pardubice"]
[Date "2016.07.16"]
[Round "5.3"]
[White "Wachinger, David"]
[Black "Krapivin, Vladislav"]
[Result "0-1"]
[WhiteElo "1954"]
[BlackElo "2318"]
[PlyCount "66"]
[EventDate "2016.07.14"]
[EventType "team-swiss"]
[EventRounds "7"]
[EventCountry "CZE"]
[SourceTitle "EXT 2017"]
[Source "ChessBase"]
[SourceDate "2016.10.25"]
[SourceVersion "1"]
[SourceVersionDate "2016.10.25"]
[SourceQuality "1"]
[WhiteTeam "Hagen"]
[BlackTeam "Yamal"]
[WhiteTeamCountry "GER"]
[BlackTeamCountry "RUS"]

1. d4 Nf6 2. c4 d6 3. Nf3 Nbd7 4. Nc3 c6 5. g3 e5 6. e4 a6 7. Bg2 Be7 8. 0-0 0-0 9. Qc2 Re8 10. a3 b5 11. b3 Bb7 12. h3 Bf8 13. Re1 bxc4 14. bxc4 exd4 15. Nxd4 g6 16. Be3 Ne5 17. c5 dxc5 18. Nb3 c4 19. Nc5 Bc8 20. f4 Ned7 21. Rad1 Qa5 22. Nxd7 Bxd7 23. e5 Bf5 24. Qc1 Nd5 25. Nxd5 cxd5 26. Bxd5 Rac8 27. Bg2 Bxa3 28. Qa1 Qb4 29. g4 Bd3 30. Bd4 Bc2 31. Bc3 Qb6+ 32. Bd4 Bc5 33. Rd2 Red8 0-1

[Event "GER-ch U25-A"]
[Site "Willingen"]
[Date "2016.05.18"]
[Round "6"]
[White "Wachinger, David"]
[Black "Balazs, Balint"]
[Result "0-1"]
[WhiteElo "1944"]
[BlackElo "2145"]
[PlyCount "72"]
[EventDate "2016.05.15"]
[EventType "swiss"]
[EventRounds "9"]
[EventCountry "GER"]
[SourceTitle "CBM 172 Extra"]
[Source "ChessBase"]
[SourceDate "2016.06.21"]
[SourceVersion "1"]
[SourceVersionDate "2016.06.21"]
[SourceQuality "1"]

1. e4 g6 2. d4 Bg7 3. Nc3 d6 4. f4 Nf6 5. Nf3 0-0 6. e5 dxe5 7. fxe5 Nd5 8. Bc4 Be6 9. Nxd5 Bxd5 10. Bxd5 Qxd5 11. Qe2 e6 12. c4 Qd7 13. 0-0 c5 14. Be3 Nc6 15. Rad1 cxd4 16. Nxd4 Qc7 17. Nb5 Qxe5 18. Qf2 a6 19. Nd6 Rad8 20. c5 f5 21. Rde1 Qxb2 22. Qxb2 Bxb2 23. Rb1 Bd4 24. Bxd4 Nxd4 25. Rxb7 e5 26. Rd1 f4 27. Re7 Ne2+ 28. Kf2 Nc3 29. Re1 Nxa2 30. R1xe5 Nb4 31. Re2 Nd3+ 32. Kf3 Nxc5 33. Nc4 Rd3+ 34. Kf2 Rc3 35. Ne5 a5 36. Ng4 Nd3+ 0-1

[Event "GER-ch U25-A"]
[Site "Willingen"]
[Date "2016.05.15"]
[Round "1"]
[White "Wachinger, David"]
[Black "Walow, Xenia"]
[Result "1-0"]
[WhiteElo "1944"]
[BlackElo "1575"]
[PlyCount "45"]
[EventDate "2016.05.15"]
[EventType "swiss"]
[EventRounds "9"]
[EventCountry "GER"]
[SourceTitle "CBM 172 Extra"]
[Source "ChessBase"]
[SourceDate "2016.06.21"]
[SourceVersion "1"]
[SourceVersionDate "2016.06.21"]
[SourceQuality "1"]

1. e4 c5 2. Nf3 d6 3. d4 cxd4 4. Nxd4 Nf6 5. Nc3 a6 6. Bg5 Nbd7 7. Qe2 Qc7 8. 0-0-0 b5 9. f4 Bb7 10. Bxf6 Nxf6 11. e5 dxe5 12. fxe5 b4 13. Ncb5 Qc5 14. exf6 gxf6 15. Nf5 Bh6+ 16. Nxh6 axb5 17. Qxb5+ Qxb5 18. Bxb5+ Kf8 19. Bc4 Kg7 20. Nf5+ Kf8 21. Rd7 Be4 22. Nxe7 Kg7 23. Re1 1-0

[Event "GER-ch U25 op-A"]
[Site "Willingen"]
[Date "2015.05.27"]
[Round "6"]
[White "Recktenwald, Cedric"]
[Black "Wachinger, David"]
[Result "1/2-1/2"]
[WhiteElo "1657"]
[BlackElo "1860"]
[PlyCount "47"]
[EventDate "2015.05.24"]
[EventType "swiss"]
[EventRounds "9"]
[EventCountry "GER"]
[SourceTitle "CBM 166 Extra"]
[Source "ChessBase"]
[SourceDate "2015.06.18"]
[SourceVersion "1"]
[SourceVersionDate "2015.06.18"]
[SourceQuality "1"]

1. e4 c5 2. Nf3 Nc6 3. Bb5 g6 4. c3 Bg7 5. d4 cxd4 6. cxd4 Qb6 7. Nc3 Nxd4 8. Nd5 Qc5 9. Nxd4 Bxd4 10. b4 Bxf2+ 11. Kf1 Qxb5+ 12. Kxf2 Kf8 13. Qd4 f6 14. Nc7 Qe5 15. Qxe5 fxe5 16. Nxa8 Nf6 17. Ke3 b6 18. Nc7 Bb7 19. Bb2 d6 20. Nd5 Bxd5 21. exd5 Nxd5+ 22. Ke4 Nxb4 23. a3 Na6 24. Kd5 1/2-1/2

[Event "GER-chT Lands U20"]
[Site "Hannover"]
[Date "2013.10.03"]
[Round "3.5"]
[White "Wachinger, David"]
[Black "Evers, Annika"]
[Result "1-0"]
[WhiteElo "1845"]
[BlackElo "1845"]
[PlyCount "107"]
[EventDate "2013.10.02"]
[EventType "team-swiss"]
[EventRounds "7"]
[EventCountry "GER"]
[SourceTitle "EXT 2014"]
[Source "ChessBase"]
[SourceDate "2013.11.20"]
[SourceVersion "1"]
[SourceVersionDate "2013.11.20"]
[SourceQuality "1"]
[WhiteTeam "Bremen"]
[BlackTeam "Niedersachsen II"]
[WhiteTeamCountry "GER"]
[BlackTeamCountry "GER"]

1. e4 c5 2. c4 Nc6 3. Ne2 e6 4. d4 cxd4 5. Nxd4 Nf6 6. Nc3 Bb4 7. Nxc6 bxc6 8. Bd3 d5 9. exd5 exd5 10. 0-0 0-0 11. cxd5 cxd5 12. Bg5 Be6 13. Nb5 a6 14. Nd4 Bd7 15. Qb3 Bc5 16. Nf3 Be6 17. Qa4 h6 18. Bh4 Qe8 19. Qxe8 Nxe8 20. Rac1 Bb6 21. Be7 Nc7 22. Bxf8 Kxf8 23. Rc6 Rb8 24. Rfc1 Nb5 25. Ne5 Ke7 26. Bxb5 axb5 27. Nd3 Bd7 28. Re1+ Be6 29. Nf4 Kd7 30. Rcc1 Ra8 31. Nxe6 fxe6 32. a3 Ra7 33. g3 Rc7 34. Rxc7+ Bxc7 35. f3 e5 36. Kf1 Ke6 37. Rc1 Kd6 38. Ke2 Bb6 39. Kd3 Bd4 40. Rc2 g5 41. g4 Kd7 42. b3 Bb6 43. a4 b4 44. Rc1 Bd4 45. h3 Bb6 46. Rc2 Bd4 47. h4 Bc3 48. hxg5 hxg5 49. Rh2 Bd4 50. Rh6 Ke7 51. Rg6 Bc3 52. Rxg5 Kf7 53. a5 Be1 54. Rxe5 1-0

[Event "GER-ch U25 op-A"]
[Site "Oberhof"]
[Date "2012.06.01"]
[Round "8"]
[White "Dietrich, Franz"]
[Black "Wachinger, David"]
[Result "1/2-1/2"]
[WhiteElo "1525"]
[BlackElo "1735"]
[PlyCount "42"]
[EventDate "2012.05.27"]
[EventType "swiss"]
[EventRounds "9"]
[EventCountry "GER"]
[SourceTitle "CBM 148 Extra"]
[Source "ChessBase"]
[SourceDate "2012.06.22"]
[SourceVersion "1"]
[SourceVersionDate "2012.06.22"]
[SourceQuality "1"]

1. e4 c6 2. d4 d5 3. Nc3 dxe4 4. Nxe4 Bf5 5. Ng3 Bg6 6. f4 e6 7. Nf3 Nd7 8. Bd3 Bxd3 9. Qxd3 Qc7 10. Be3 Ngf6 11. c3 Bd6 12. Ne5 Nd5 13. Ne4 Nxe3 14. Qxe3 Nxe5 15. Nxd6+ Qxd6 16. Qxe5 Qxe5+ 17. dxe5 0-0-0 18. Rd1 Rd5 19. Ke2 Rhd8 20. Rxd5 cxd5 21. Rc1 b5 1/2-1/2